LEADER 00406nab a2200145 i 4500 001 000000277027 003 CaOOAMICUS 005 20120411000000.0 008 120411n xx uu u0 0und r 013 $a27190 040 $aSeMil$bita 245 10$a[SENZA TITOLO]. 500 $aMärz 2012. 773 0 $t2012.$dTübingen : Mohr Siebeck, copyr. 2012.$w()212483 996 $6245$a[SENZA TITOLO]$9(OLS)http://semarc/title/354609 LEADER 01172nam a2200289 i 4500 001 000000254558 003 CaOOAMICUS 005 20190614103946.0 008 170609s2016 it u000 u ita u 013 $a233463 020 $a978-88-339-2736-7 040 $aSeMil$bita 100 1 $aDi Cesare, Donatella,$d<1956- >.$0(OLS)http://semarc/name/92759 245 10$aHeidegger e gli ebrei :$bi Quaderni neri /$cDonatella Di Cesare. 250 $aNuova edizione ampliata. 260 $aTorino :$bBollati Boringhieri,$c2016. 300 $a367 p. ;$c22 cm. 490 0 $aSaggi 650 4$aHeidegger, Martin <1889-1976> . Schwarze Hefte - Temi [:] Antisemitismo.$0(OLS)http://semarc/subject/45289 830 0$aSaggi.$0(OLS)http://semarc/title/341 850 $aSeMil 852 $aSeMil$W1$xVenegono$y1$m2P V 624$j204904$B204904$CSeMilBibl$Z2$F218429 $81 961 $aAcquisto: Hoepli 996 $6020$a978-88-339-2736-7$9(OLS)http://semarc/number/277977 996 $6245$aHeidegger e gli ebrei :$bi Quaderni neri$9(OLS)http://semarc/title/411058 996 $6260$aTorino :$bBollati Boringhieri$9(OLS)http://semarc/publisher/31556